Valuation and sale price report 2007 (Record no. 107727)
[ view plain ]
| 000 -LEADER | |
|---|---|
| fixed length control field | 01394cad a22002415a 4500 |
| 001 - CONTROL NUMBER | |
| control field | L141654 |
| 008 - FIXED-LENGTH DATA ELEMENTS--GENERAL INFORMATION | |
| fixed length control field | 071210s2007 xxkad f s 000 0 eng d |
| 020 ## - INTERNATIONAL STANDARD BOOK NUMBER | |
| International Standard Book Number | 9781845193587 |
| 035 ## - SYSTEM CONTROL NUMBER | |
| System control number | (Sirsi) u141654 |
| 041 0# - LANGUAGE CODE | |
| Language code of text/sound track or separate title | eng |
| 050 04 - LIBRARY OF CONGRESS CALL NUMBER | |
| Classification number | 333.337 $2 18 |
| 110 2# - MAIN ENTRY--CORPORATE NAME | |
| Corporate name or jurisdiction name as entry element | Investment Property Databank |
| 9 (RLIN) | 2288 |
| 245 00 - TITLE STATEMENT | |
| Title | Valuation and sale price report 2007 |
| Medium | [electronic resource] |
| 260 ## - PUBLICATION, DISTRIBUTION, ETC. | |
| Place of publication, distribution, etc. | London |
| Name of publisher, distributor, etc. | IPD |
| Date of publication, distribution, etc. | 2007 |
| 505 2# - FORMATTED CONTENTS NOTE | |
| Formatted contents note | Executive Summary -- Introduction -- Methodology -- How much do sale prices differ from valuations? -- What about property type and location? -- Appendix 1 Sample 2006 -- Appendix 2 Valuation and sale price statistics |
| 520 ## - SUMMARY, ETC. | |
| Summary, etc. | Examines the reasons for, and scale of, variations between sale prices and valuations for UK commercial property. Finds there was average price difference of 10.9% between sale prices and the pre-sale valuation in 2007. This is consistent with survey findings from the past twenty four years. 63.8% of sales were transacted at prices within a plus or minus 10% of the previous valuation and 88.5% at prices within plus or minus 20%. The other results tended to be higher sale values. |
| 590 ## - LOCAL NOTE (RLIN) | |
| Local note | KA |
| 651 #4 - SUBJECT ADDED ENTRY--GEOGRAPHIC NAME | |
| Geographic name | United Kingdom |
| Chronological subdivision | |
| 690 ## - LOCAL SUBJECT ADDED ENTRY--TOPICAL TERM (OCLC, RLIN) | |
| Topical term or geographic name as entry element | PROPERTY-PROPERTY VALUATION AND APPRAISAL- VALUATION ACCURACY |
| 710 1# - ADDED ENTRY--CORPORATE NAME | |
| Corporate name or jurisdiction name as entry element | Royal Institution of Chartered Surveyors |
| 9 (RLIN) | 4900 |
| 856 40 - ELECTRONIC LOCATION AND ACCESS | |
| Host name | PDF lost. Not in archive. |
| 942 ## - ADDED ENTRY ELEMENTS (KOHA) | |
| Suppress in OPAC | 0 |
| Withdrawn status | Lost status | Source of classification or shelving scheme | Damaged status | Not for loan | Home library | Current library | Shelving location | Date acquired | Total Checkouts | Full call number | Barcode | Date last seen | Copy number | Price effective from | Koha item type |
|---|---|---|---|---|---|---|---|---|---|---|---|---|---|---|---|
| Dewey Decimal Classification | Virtual | Virtual | Online | 10/12/2007 | ONLINE PUBLICATION | 141654-1001 | 06/08/2019 | 1 | 06/08/2019 | Book |